| 000 | 00468nam a2200193Ia 4500 | ||
|---|---|---|---|
| 008 | 170918s9999 xx 000 0 und d | ||
| 020 | _a9780393978896 | ||
| 050 | _bB871w 2002 | ||
| 100 | _aBronte, Emily | ||
| 245 | _aWuthering heights / | ||
| 245 | _cby Emily Bronte. | ||
| 250 | _aFourth edition. | ||
| 260 | _aNew York : | ||
| 260 | _bW. W. Norton & Company, | ||
| 260 | _c2002 | ||
| 300 | _a432 pages : | ||
| 300 | _billustrations ; | ||
| 300 | _c22cm. | ||
| 999 |
_c343348 _d343348 |
||